Cathay Pacific destinations from Hong Kong - Statistics

General Stats
  • This quiz has been taken 1,123 times
    1,064 since last reset
  • The average score is 30 of 55
Answer Stats
Answer % Correct
London (Heathrow)
92%
Beijing
89%
New York (JFK)
89%
Paris (CDG)
86%
Shanghai (Pudong)
85%
Sydney
84%
Los Angeles
82%
Bangkok
81%
Singapore
80%
Seoul
76%
Melbourne
75%
Taipei
73%
San Francisco
72%
Osaka
71%
Dubai
70%
Jakarta
70%
Rome
70%
Kuala Lumpur
69%
Manila
69%
Moscow (Domodedovo)
69%
Perth
67%
Vancouver
67%
Frankfurt
66%
Mumbai
65%
Auckland
64%
Toronto (Pearson)
64%
Amsterdam
61%
Delhi
61%
Brisbane
59%
Ho Chi Minh City
56%
Milan
54%
Chicago
53%
Tokyo (Narita)
49%
Adelaide
48%
Manchester
45%
Tokyo (Haneda)
45%
Doha
43%
Sapporo
41%
Zurich
41%
Johannesburg
37%
Nagoya
37%
Denpasar
35%
Cebu
31%
Chennai
30%
Colombo
30%
Fukuoka
30%
Riyadh
27%
Karachi
25%
Surabaya
25%
Cairns
23%
Newark
22%
Male
21%
Hyderabad
19%
Bahrain
11%
Shanghai (Hongqiao)
5%
No matching quizzes found
Score Distribution
Percent of People with Each Score
Percentile by Number Answered
Your Score History
You have not taken this quiz since the last reset